00281nam a2200097Ia 4500082001600000245005300016100004700069942000700116008004100123999001900164 aJ 743.6 AME 0aDraw 50 dinosaurs and other prehistoric animals  a AMES, Lee J. London, 1988 968679 cBK210817s9999 xx 000 0 und d c422621d422620